Responses for Show #1188 - Wednesday, November 1, 1989

Contestants

[<< previous game]

Harry Cortez, a mail processor from Petaluma, California

Lynne Lukach, a speach and language patholigist from Mansfield, Ohio

Jim Coury, a restaurant owner originally from Pittsburgh, Pennsylvania (whose 1-day cash winnings total $9,100)

[next game >>]

Jeopardy! Round responses

STARTS WITH "Z"
HISPANIC ACTRESSES
U.S. STATES
FAMOUS PAIRS
BALLET
WALLS
    $100 7
a zoom

Jim
    $100 4
(Harry: What is Dynasty?)

Falcon Crest

LynneHarry
    $100 1
Connecticut

Lynne
    $100 16
(Harry: what is parry?)

bob

LynneHarry
    $100 26
paintings

Triple Stumper
    $100 21
(Jim: What was Berlin?)

the Great Wall of China

JimHarry
    $200 8
zoology

Harry
    $200 9
(Lynda) Carter

Jim
    $200 2
Massachusetts

Jim
    $200 17
kiss & tell

Jim
    $200 27
Capri

Lynne
    $1,300 22
(Alex: Yes, the Wailing Wall.)

Jerusalem

Harry
    $300 10
(Harry: What is a zinger?)

zombie

LynneHarry
    $300 12
Rita Moreno

Harry
    $300 3
Hawaii

Harry
    $300 18
Tai & Randy

Lynne
    $300 28
death

Lynne
    $300 23
ears

Harry
    $400 11
(Lynne: Who is Zebulon?)

Zachary

LynneHarry
    $400 13
Johnny Weissmuller

Harry
    $400 5
Indiana

Lynne
    $400 19
Nicholas & Alexandra

Jim
    $400 29
[End-of-round signal sounds]

a doll

Lynne
    $400 24
(Alex: We have a left in the round.)

Michael Jackson

Triple Stumper
    $500 15
zounds (or zooms)

Lynne
    $500 14
Marcus Welby

Harry
    $500 6
Maine

Lynne
    $500 20
Trinidad & Tobago

Lynne
    $500 25
a prison

Triple Stumper

Scores at the first commercial break (after clue 14):

Jim Lynne Harry
$500 $1,000 $1,700

Scores at the end of the Jeopardy! Round:

Jim Lynne Harry
$1,000 $3,300 $3,300

Double Jeopardy! Round responses

SHOW MUSIC
PRESIDENTS
JAPANESE HISTORY
LITERARY TRIVIA
THE EARTH
ENDS WITH "Z"
    $200 4
(Jim: What is "But nothing is plenty for me"?)

(Harry: But nothings got plenty on me)

and nothings plenty for me

JimHarry
Triple Stumper
    $200 5
(Harry: Who is Harry S Truman?)

Eisenhower

LynneHarry
    $200 23
Germany

Harry
    $200 17
a high school

Lynne
    $200 1
the Northern Lights

Jim
    $200 12
Mercedes-Benz

Jim
    $400 22
(Harry: What is Stranger from Paradise?)

Stranger in Paradise

JimHarry
    $400 6
Monroe & Madison

Jim
    $400 27
[End-of-round signal sounds]

shogun

Jim
    $400 18
the Bobbsey Twins

Lynne
    $400 2
ice

Jim
    $400 13
Mertz (Mertzes accepted)

Jim
    $600 24
(Alex: That's right and we've got a minute left in the round.)

Bewitched, Bothered and Bewildered

Harry
    $1,200 7
Buchanan

Jim
    $600 19
Yale

Lynne
    $600 3
the International Date Line

Harry
    $600 14
NoDoz

Lynne
    $1,500 25
Kiss Me, Kate

Harry
    $800 10
James Polk

Harry
    $800 20
(Carl) Bernstein

Harry
    $800 8
Neanderthal man

Jim
    $800 15
ersatz

Jim
    $1000 26
falling in love with love

Triple Stumper
    $1000 11
(Jim: Who is Taft?)

(William) McKinley

JimLynne
    $1000 21
Graham Greene

Harry
    $1000 9
Pangaea

Triple Stumper
    $1000 16
Broz

Jim

Scores at the end of the Double Jeopardy! Round:

Jim Lynne Harry
$6,000 $6,300 $8,000

[wagering suggestions for these scores]

Final Jeopardy! Round responses

IN THE NEWS
JimWhat is Tibet
$6,000
LynneWhat is Burma?
$6,000
HarryWhat is Burma?
$7,500
Burma

Final scores:

Jim Lynne Harry
$0 $12,300 $15,500
3rd place: Serigraph "Cactus" by Lorna Patrick & complete Nintendo system featuring Jeopardy! and Wheel of Fortune 2nd place: Bedroom suite & a comforter New champion: $15,500

Game dynamics:

Coryat scores:

Jim Lynne Harry
$5,400 $6,300 $6,200
16 R
(including 1 DD),
3 W
18 R,
1 W
16 R
(including 2 DDs),
6 W

Combined Coryat: $17,900

[game clues] [game scores] [suggest correction]

Game tape date: 1989-08-21
The J! Archive is created by fans, for fans. Scraping, republication, monetization, and malicious use prohibited; this site may use cookies and collect identifying information. See terms. The Jeopardy! game show and all elements thereof, including but not limited to copyright and trademark thereto, are the property of Jeopardy Productions, Inc. and are protected under law. This website is not affiliated with, sponsored by, or operated by Jeopardy Productions, Inc. Join the discussion at JBoard.tv.